Cosas de chicos 1 /

Guardado en:
Autor Principal: Abramovich, Néstor
Otros Autores: Martínez, Ángela
Formato: Libro
Publicado: Buenos Aires : Kapelusz, 1985.
Materias:
Etiquetas: Agregar Etiqueta
Sin Etiquetas, Sea el primero en etiquetar este registro!
LEADER 00731nam a22002415a 4500
001 CEM.cems012526
005 20070423180214.0
008 130507s1985##################000#0#####d
003 CEMS
020 |a 9501300668 
082 0 4 |a 372.41 
100 1 |a Abramovich, Néstor 
245 1 0 |a Cosas de chicos 1 /  |c Néstor Abramovich ; ángela Martínez. 
260 |a Buenos Aires :  |b Kapelusz,  |c 1985. 
300 |a 63 p. 
500 |a Libro de lectura para 1º grado. 
653 |a Biblioteca maría de los Ángeles saggio 
653 |a Educación 
653 |a Educación promaria 
653 |a Lengua 
653 |a Lengua-1º egb. 
700 1 |a Martínez, Ángela 
859 |a CEMS  |b BIB. CEMS - 11 de abril  |h 372.41  |i Ab83  |p 23752.07  |t Ej.1  |v 1º  |3 1º